<?xml version="1.0" encoding="UTF-8"?>
<record
    xmlns:xsi="http://www.w3.org/2001/XMLSchema-instance"
    xsi:schemaLocation="http://www.loc.gov/MARC21/slim http://www.loc.gov/standards/marcxml/schema/MARC21slim.xsd"
    xmlns="http://www.loc.gov/MARC21/slim">

  <leader>02963nam a2200553Ia 4500</leader>
  <controlfield tag="001">246</controlfield>
  <controlfield tag="008">241029s9999    xx            000 0 und d</controlfield>
  <datafield tag="010" ind1=" " ind2=" ">
    <subfield code="a">216</subfield>
  </datafield>
  <datafield tag="041" ind1=" " ind2=" ">
    <subfield code="a">Espa&#xF1;ol</subfield>
  </datafield>
  <datafield tag="082" ind1=" " ind2=" ">
    <subfield code="a">T 378.00711 B333p</subfield>
  </datafield>
  <datafield tag="245" ind1=" " ind2="0">
    <subfield code="a">Propuesta Para La Formaci&#xF3;n En Valores En La Escuela Pedag&#xF3;gica De La Facultad De Ciencias Y Humanidades De La Universidad Central Del Este, San Pedro De Macor&#xED;s, Rep&#xFA;blica Dominicana, Periodo Escolar Septiembre-Diciembre 2013</subfield>
  </datafield>
  <datafield tag="260" ind1=" " ind2=" ">
    <subfield code="a">San Pedro de Macor&#xED;s</subfield>
  </datafield>
  <datafield tag="300" ind1=" " ind2=" ">
    <subfield code="a">66</subfield>
  </datafield>
  <datafield tag="520" ind1=" " ind2=" ">
    <subfield code="a">37</subfield>
  </datafield>
  <datafield tag="630" ind1=" " ind2=" ">
    <subfield code="a">Formaci&#xF3;n</subfield>
  </datafield>
  <datafield tag="630" ind1=" " ind2=" ">
    <subfield code="a">Pedagog&#xED;a</subfield>
  </datafield>
  <datafield tag="630" ind1=" " ind2=" ">
    <subfield code="a">Propuesta Metodol&#xF3;gica</subfield>
  </datafield>
  <datafield tag="650" ind1=" " ind2=" ">
    <subfield code="a">Educaci&#xF3;n C&#xED;vica</subfield>
  </datafield>
  <datafield tag="690" ind1=" " ind2=" ">
    <subfield code="a">Elaborado</subfield>
  </datafield>
  <datafield tag="700" ind1=" " ind2=" ">
    <subfield code="e">asesor</subfield>
    <subfield code="a">Mercedes Concepci&#xF3;n, Maria</subfield>
  </datafield>
  <datafield tag="700" ind1=" " ind2=" ">
    <subfield code="e">autor</subfield>
    <subfield code="a"> Bat&#xED;as de Le&#xF3;n , Mar&#xED;a</subfield>
  </datafield>
  <datafield tag="700" ind1=" " ind2=" ">
    <subfield code="e">asesor</subfield>
    <subfield code="a"> Mart&#xED;nez, Altagracia</subfield>
  </datafield>
  <datafield tag="901" ind1=" " ind2=" ">
    <subfield code="a">{"1":" Bat&#xED;as de Le&#xF3;n "}</subfield>
    <subfield code="b">{"1":"Mar&#xED;a"}</subfield>
  </datafield>
  <datafield tag="902" ind1=" " ind2=" ">
    <subfield code="a">2</subfield>
  </datafield>
  <datafield tag="903" ind1=" " ind2=" ">
    <subfield code="a">{"1":" Mart&#xED;nez","2":"Mercedes Concepci&#xF3;n"}</subfield>
    <subfield code="b">{"1":"Altagracia","2":"Maria"}</subfield>
  </datafield>
  <datafield tag="904" ind1=" " ind2=" ">
    <subfield code="a">Mag&#xED;ster en</subfield>
  </datafield>
  <datafield tag="905" ind1=" " ind2=" ">
    <subfield code="a">Educaci&#xF3;n Superior</subfield>
  </datafield>
  <datafield tag="906" ind1=" " ind2=" ">
    <subfield code="a">1</subfield>
  </datafield>
  <datafield tag="907" ind1=" " ind2=" ">
    <subfield code="a">Menci&#xF3;n en</subfield>
  </datafield>
  <datafield tag="908" ind1=" " ind2=" ">
    <subfield code="a">Ciencias Sociales</subfield>
  </datafield>
  <datafield tag="909" ind1=" " ind2=" ">
    <subfield code="a">Universidad Central del Este (UCE)</subfield>
  </datafield>
  <datafield tag="910" ind1=" " ind2=" ">
    <subfield code="a">NULL</subfield>
    <subfield code="b">NULL</subfield>
  </datafield>
  <datafield tag="911" ind1=" " ind2=" ">
    <subfield code="a">["1"]</subfield>
  </datafield>
  <datafield tag="912" ind1=" " ind2=" ">
    <subfield code="a">NO APLICA</subfield>
  </datafield>
  <datafield tag="913" ind1=" " ind2=" ">
    <subfield code="a">NULL</subfield>
  </datafield>
  <datafield tag="914" ind1=" " ind2=" ">
    <subfield code="a">02 de Diciembre de 2013</subfield>
  </datafield>
  <datafield tag="915" ind1=" " ind2=" ">
    <subfield code="a">14/05/14 08:05</subfield>
  </datafield>
  <datafield tag="916" ind1=" " ind2=" ">
    <subfield code="a">NULL</subfield>
  </datafield>
  <datafield tag="917" ind1=" " ind2=" ">
    <subfield code="a">NULL</subfield>
  </datafield>
  <datafield tag="918" ind1=" " ind2=" ">
    <subfield code="a">NO APLICA</subfield>
  </datafield>
  <datafield tag="919" ind1=" " ind2=" ">
    <subfield code="a">["200","153","216"]</subfield>
  </datafield>
  <datafield tag="520" ind1=" " ind2=" ">
    <subfield code="a">El presente estudio tuvo como objetivo general, dise&#xF1;ar una propuesta para la formaci&#xF3;n en valores en la escuela Pedag&#xF3;gica de la facultad de Ciencias y Humanidades de la &#xA0;Universidad Central del Este, San Pedro de Macor&#xED;s, Republica Dominicana, periodo Septiembre- Diciembre 2013. Para alcanzar el objetivo planteado este trabajo se apoy&#xF3; en la anal&#xED;tica, utilizando el m&#xE9;todo descriptivo. El universo de la investigaci&#xF3;n estuvo compuesto por los estudiantes y docentes de la Universidad Central del Este, de la escuela de pedagog&#xED;a de la facultad de Ciencias y Humanidades, de las cuales se tom&#xF3; una muestra de 10 docentes y 40 estudiantes.Los resultados hallados plantean que los docentes mostraron buena disposici&#xF3;n para participar en programas tendentes a fomentar la formaci&#xF3;n en valores, el conocimiento que tiene el 92.5% de los estudiantes por haber asistido a actividades donde le ense&#xF1;aron sobre la importancia de la formaci&#xF3;n en valores, los cuales deben ser aprovechados como l&#xED;deres potenciales para la realizaci&#xF3;n del proyectos.El estudio hizo las siguientes recomendaciones: aprovechar el nivel de conocimiento que tienen los estudiantes sobre la importancia de la formaci&#xF3;n en valores, a los profesores que propicien metodolog&#xED;a que faciliten el entendimiento y la ayuda mutua, a trav&#xE9;s de la interacci&#xF3;n maestros-alumnos.&#xA0;</subfield>
  </datafield>
  <datafield tag="921" ind1=" " ind2=" ">
    <subfield code="a">2</subfield>
  </datafield>
  <datafield tag="922" ind1=" " ind2=" ">
    <subfield code="a">2</subfield>
  </datafield>
  <datafield tag="923" ind1=" " ind2=" ">
    <subfield code="a">0</subfield>
  </datafield>
  <datafield tag="924" ind1=" " ind2=" ">
    <subfield code="a">NO APLICA</subfield>
  </datafield>
  <datafield tag="942" ind1=" " ind2=" ">
    <subfield code="c">Tesis</subfield>
  </datafield>
  <datafield tag="999" ind1=" " ind2=" ">
    <subfield code="c">216</subfield>
    <subfield code="d">216</subfield>
  </datafield>
</record>
